| 000 -ლიდერი |
| ფიქსირებული სიგრძის საკონტროლო ველი |
01712nam a22002417a 4500 |
| 003 - საკონტროლო ნომრის იდენტიფიკატორი |
| საკონტროლო ველი |
Ge_BSU |
| 005 - ბოლო ოპერაციის თარიღი და დრო |
| საკონტროლო ველი |
20230522111643.0 |
| 008 - ფიქსირებული სიგრძის მონაცემთა ელემენტები - ზოგადი ინფორმაცია |
| ფიქსირებული სიგრძის საკონტროლო ველი |
230522s2012 ge ||||| |||| 00| 0 geo d |
| 020 ## - წიგნის საერთაშორისო სტანდარტული ნომერი |
| International Standard Book Number |
2233-3495 |
| 041 ## - ენის კოდი |
| Language code of text/sound track or separate title |
geo |
| 080 ## - უნივერსალური ათობითი კლასიფიკაციის ინდექსი |
| Universal Decimal Classification number |
069.02(479.22) ქ-84 |
| 245 ## - ცნობა სათაურის შესახებ |
| Title |
ქუთაისის სახელმწიფო ისტორიული მუზეუმის შრომები = Works of the Stete Historical Museum : Edition XXII: |
| Remainder of title |
კრებული XXII / |
| Statement of responsibility, etc |
მთ. რედ. ო. ლანჩავა; რედ. ნ. ქარციძე; საქ. კულტურისა და ძეგლთა დაცვის სამინისტრო. ქუთაისის სახელმწიფო ისტორიული მუზეუმი. |
| 264 ## - წარმოების, გამოცემის, დისტრიბუციის და სხვა ცნობები |
| გამოცემის, წარმოების, დისტრიბუციის... ადგილი |
ქუთაისი : |
| გამოცემის, წარმოების, დისტრიბუციის... სახელწოდება |
შპს ''მბმ-პოლიგრაფის" სტამბა, |
| გამოცემის, წარმოების, დისტრიბუციის... თარიღი |
2012. |
| 300 ## - ფიზიკური აღწერა |
| Extent |
352 გვ.: |
| Other physical details |
+ CD. ილ. ; |
| Dimensions |
29 სმ. |
| 500 ## - ზოგადი შენიშვნა |
| General note |
ქუთაისის სახელმწიფო ისტორიული მუზეუმის შრომების კრებული XXII მიძღვნილია ქუთაისის სახელმწიფო ისტორიული მუზეუმის 100 წლის იუბილესადმი |
| 653 ## - INDEX TERM--UNCONTROLLED |
| Uncontrolled term |
ეთნოლოგია |
| 653 ## - INDEX TERM--UNCONTROLLED |
| Uncontrolled term |
ისტორია |
| 653 ## - INDEX TERM--UNCONTROLLED |
| Uncontrolled term |
ხელოვნების ისტორია |
| 653 ## - INDEX TERM--UNCONTROLLED |
| Uncontrolled term |
არქეოლოგია |
| 700 ## - ADDED ENTRY--PERSONAL NAME |
| Personal name |
ლანჩავა, ო. |
| Relator term |
რედაქტორი |
| 9 (RLIN) |
18171 |
| 700 ## - ADDED ENTRY--PERSONAL NAME |
| Personal name |
ქარციძე, ნ. |
| Relator term |
რედაქტორი |
| 9 (RLIN) |
18172 |
| 942 ## - ADDED ENTRY ELEMENTS (KOHA) |
| Source of classification or shelving scheme |
|
| Koha item type |
წიგნი |